| 000 | 00503nam a22002057a 4500 | ||
|---|---|---|---|
| 003 | Nust | ||
| 005 | 20211014112101.0 | ||
| 008 | 170116b xxu||||| |||| 00| 0 eng d | ||
| 020 | _a8123901194 | ||
| 038 | _aKhadija | ||
| 040 | _cc | ||
| 082 |
_a621 _bTIM |
||
| 100 |
_aTimings, Roger _983140 |
||
| 245 |
_aNewnes Mechanical Engineer’s Pocket Book _cRoger Timings |
||
| 260 |
_aNew Delhi: _bCBS; _c1999. |
||
| 300 |
_a596 p. ; _b20 cm. |
||
| 500 | _apaperback. | ||
| 563 | _aPB | ||
| 942 |
_cBK _2ddc |
||
| 999 |
_c32006 _d32006 |
||